[Event "DRUGA LIGA SRBIJE-GRUPA VOJVODINA 2018"]
[Site "Novi Sad"]
[Date "2018.11.10"]
[Round "2"]
[Board "5"]
[White "Vlajkovic, Goran"]
[Black "Marjanusic, Vladimir"]
[Result "1/2-1/2"]
[WhiteElo "2158"]
[BlackElo "2197"]
[PlyCount "72"]
[EventDate "2018.11.09"]
[EventType "team"]
[EventRounds "11"]
[EventCountry "SRB"]
[WhiteTeam "Š.K. BATA  COSIC-OPOVO"]
[BlackTeam "S.K. BACKA-PACIR"]

1. d4 Nf6 2. c4 g6 3. Nc3 Bg7 4. e4 d6 5. f4 O-O 6. Nf3 c5 7. dxc5 Qa5 8. Bd3
Qxc5 9. Qe2 Bg4 10. Be3 Qa5 11. Rc1 Nc6 12. O-O Nd7 13. Qf2 Bxf3 14. gxf3 Nc5
15. Bb1 Na4 16. Nxa4 Qxa4 17. b3 Qa5 18. Rfd1 Qc7 19. a3 b6 20. b4 Rfd8 21. Ba2
Rac8 22. Bb3 e5 23. fxe5 dxe5 24. c5 Nd4 25. Bd5 bxc5 26. Rxc5 Qd7 27. Rdc1
Rxc5 28. bxc5 Qh3 29. Bxd4 exd4 30. Qg3 Qxg3+ 31. hxg3 Rc8 32. c6 Rc7 33. Rb1
Bf8 34. a4 a5 35. Rb8 Kg7 36. Kf2 f6  1/2-1/2

[Event "DRUGA LIGA SRBIJE-GRUPA VOJVODINA 2018"]
[Site "Novi Sad"]
[Date "2018.11.10"]
[Round "2"]
[Board "6"]
[White "Jesenski, Tibor"]
[Black "Mitrovic, Zivadin"]
[Result "1-0"]
[WhiteElo "2290"]
[BlackElo "2209"]
[PlyCount "127"]
[EventDate "2018.11.09"]
[EventType "team"]
[EventRounds "11"]
[EventCountry "SRB"]
[WhiteTeam "S.K. BACKA-PACIR"]
[BlackTeam "Š.K. BATA  COSIC-OPOVO"]

1. d4 e6 2. c4 d5 3. Nc3 Nf6 4. Bg5 Nbd7 5. e3 Be7 6. Nf3 a6 7. Rc1 h6 8. Bf4
dxc4 9. Bxc4 Nb6 10. Bd3 c5 11. dxc5 Bxc5 12. O-O O-O 13. Qe2 Qe7 14. Ne5 Nbd5
15. Bg3 Nxc3 16. Rxc3 Rd8 17. Bh4 Rd5 18. Ng4 g5 19. Bg3 Nxg4 20. Qxg4 Bd7 21.
Qh5 Rxd3 22. Rxd3 Bb5 23. Rc3 Bxf1 24. Qxh6 Bd6 25. Kxf1 Bxg3 26. hxg3 Rd8 27.
Rc1 Rd5 28. Kg1 Qd8 29. Kh2 b5 30. e4 Rd7 31. e5 f6 32. Qg6+ Rg7 33. Qxf6 Qxf6
34. exf6 Rd7 35. Rc6 Rd2 36. Rxe6 Rxf2 37. Rxa6 Rxb2 38. Ra7 b4 39. Kh3 Rf2 40.
Kg4 Rxf6 41. Kxg5 Rf2 42. Kg6 Kf8 43. g4 Rxg2 44. g5 Ke8 45. Kf6 Rf2+ 46. Kg7
Rh2 47. g6 Rg2 48. Kh7 Rh2+ 49. Kg8 Rf2 50. g7 Rg2 51. Kh7 Rh2+ 52. Kg6 Rg2+
53. Kf5 Rg1 54. Ke6 Rg6+ 55. Kd5 Rg3 56. Kc4 Rg4+ 57. Kb3 Rg3+ 58. Ka4 Rg4 59.
Rb7 Rg2 60. Kxb4 Rg4+ 61. Kc5 Rg5+ 62. Kb6 Rg6+ 63. Ka7 Rg4 64. g8=Q+  1-0

[Event "DRUGA LIGA SRBIJE-GRUPA VOJVODINA 2018"]
[Site "Novi Sad"]
[Date "2018.11.10"]
[Round "2"]
[Board "1"]
[White "Petakov, Uros"]
[Black "Jotic, Vladimir"]
[Result "0-1"]
[WhiteElo "2325"]
[BlackElo "2369"]
[PlyCount "56"]
[EventDate "2018.11.09"]
[EventType "team"]
[EventRounds "11"]
[EventCountry "SRB"]
[WhiteTeam "S.K. STARA PAZOVA-STARA PAZOVA"]
[BlackTeam "S.K. POLET- RASTINA"]

1. d4 Nf6 2. Nf3 c5 3. e3 g6 4. Be2 Bg7 5. O-O O-O 6. c4 cxd4 7. exd4 d5 8. Nc3
Nc6 9. h3 Bf5 10. a3 dxc4 11. Bxc4 Rc8 12. Ba2 Ne4 13. Re1 Nxc3 14. bxc3 e5 15.
g4 Bd7 16. d5 Na5 17. Nxe5 Rxc3 18. Kg2 h5 19. Bd2 Bxe5 20. Rxe5 Rxh3 21. Bg5
Qb6 22. Rb1 Rh2+ 23. Kxh2 Qxf2+ 24. Kh1 Bxg4 25. d6 Bxd1 26. Rxd1 Qf3+ 27. Kh2
Qxd1 28. Bd5 Nc6  0-1

[Event "DRUGA LIGA SRBIJE-GRUPA VOJVODINA 2018"]
[Site "Novi Sad"]
[Date "2018.11.10"]
[Round "2"]
[Board "2"]
[White "Miranovic, Rajko"]
[Black "Vujadinovic, Goran"]
[Result "1-0"]
[WhiteElo "2358"]
[BlackElo "2318"]
[PlyCount "63"]
[EventDate "2018.11.09"]
[EventType "team"]
[EventRounds "11"]
[EventCountry "SRB"]
[WhiteTeam "S.K. POLET- RASTINA"]
[BlackTeam "S.K. STARA PAZOVA-STARA PAZOVA"]

1. e4 Nc6 2. Nf3 d6 3. d4 Nf6 4. Nbd2 g6 5. c3 Bg7 6. Bd3 Nh5 7. Nc4 b5 8. Ne3
Rb8 9. a4 b4 10. Bb5 Bd7 11. d5 Ne5 12. Nd4 Nf4 13. O-O bxc3 14. bxc3 e6 15. g3
Nh3+ 16. Kg2 exd5 17. f4 c6 18. fxe5 cxb5 19. e6 fxe6 20. exd5 Ng5 21. Nxb5
Rxb5 22. axb5 Bxc3 23. Ra3 Bg7 24. Nc4 Nf7 25. dxe6 Bxe6 26. Re3 Qd7 27. Rfe1
Be5 28. Nxd6+ Qxd6 29. Qxd6 Bxd6 30. Rxe6+ Kd7 31. Bf4 Rb8 32. Rf6  1-0

[Event "DRUGA LIGA SRBIJE-GRUPA VOJVODINA 2018"]
[Site "Novi Sad"]
[Date "2018.11.10"]
[Round "2"]
[Board "3"]
[White "Miljkovic, Bojan"]
[Black "Sljukic, Miodrag"]
[Result "0-1"]
[WhiteElo "2247"]
[BlackElo "2206"]
[PlyCount "116"]
[EventDate "2018.11.09"]
[EventType "team"]
[EventRounds "11"]
[EventCountry "SRB"]
[WhiteTeam "S.K. STARA PAZOVA-STARA PAZOVA"]
[BlackTeam "S.K. POLET- RASTINA"]

1. c4 e5 2. Nc3 Nf6 3. g3 d5 4. cxd5 Nxd5 5. Bg2 Nxc3 6. bxc3 Bd6 7. Nf3 O-O 8.
O-O Nc6 9. d4 Qe7 10. Qb3 exd4 11. Nxd4 Nxd4 12. cxd4 Qxe2 13. Bxb7 Bh3 14. Rd1
Rab8 15. Bf3 Qe7 16. Qd3 Qf6 17. Be4 h6 18. Be3 Bg4 19. Re1 Bf3 20. d5 Bxe4 21.
Qxe4 Rb4 22. Qc2 a5 23. a3 Rb2 24. Qa4 Qf3 25. Qxa5 Rfb8 26. Bd4 R2b5 27. Qc3
Qxc3 28. Bxc3 Rxd5 29. a4 Rb3 30. Rec1 Rd3 31. Be1 Ra3 32. a5 Be5 33. Rxa3 Rxa3
34. Kg2 f6 35. Rc6 Kf7 36. Bb4 Ra4 37. f4 Bd6 38. Bxd6 cxd6 39. a6 Ke6 40. Rc7
Rxa6 41. Rxg7 Ra2+ 42. Kh3 d5 43. Rh7 d4 44. Rxh6 d3 45. Rh8 Ra7 46. Rb8 d2 47.
Rb1 Kf5 48. Rd1 Rd7 49. Kg2 Ke4 50. Kf2 Kd3 51. g4 Kc2 52. Rxd2+ Kxd2 53. h4
Kd3 54. Kf3 Kd4 55. h5 Kd5 56. Kg3 Ke4 57. g5 fxg5 58. fxg5 Kf5  0-1

[Event "DRUGA LIGA SRBIJE-GRUPA VOJVODINA 2018"]
[Site "Novi Sad"]
[Date "2018.11.10"]
[Round "2"]
[Board "4"]
[White "Elez, Nikola"]
[Black "Stanojevic, Branko"]
[Result "0-1"]
[WhiteElo "2120"]
[BlackElo "2180"]
[PlyCount "66"]
[EventDate "2018.11.09"]
[EventType "team"]
[EventRounds "11"]
[EventCountry "SRB"]
[WhiteTeam "S.K. POLET- RASTINA"]
[BlackTeam "S.K. STARA PAZOVA-STARA PAZOVA"]

1. e4 e6 2. Nc3 d5 3. g3 Nf6 4. Bg2 c5 5. exd5 exd5 6. Nge2 d4 7. Ne4 Nxe4 8.
Bxe4 Bd6 9. d3 O-O 10. O-O Nc6 11. Nf4 g6 12. Bd2 Ne5 13. c3 Bd7 14. Qb3 Bc6
15. Nd5 Bc7 16. Bh6 Re8 17. cxd4 Nxd3 18. Nxc7 Rxe4 19. Nxa8 Rxd4 20. Rad1 b5
21. Nc7 c4 22. Qa3 b4 23. Qxa7 Nf4 24. Bxf4 Rxd1 25. f3 g5 26. Be3 Bxf3 27. Bd4
Rxd4 28. Rxf3 Rd7 29. Qa8 Rd1+ 30. Kg2 Rd2+ 31. Rf2 Qxa8+ 32. Nxa8 c3 33. bxc3
bxc3  0-1

[Event "DRUGA LIGA SRBIJE-GRUPA VOJVODINA 2018"]
[Site "Novi Sad"]
[Date "2018.11.10"]
[Round "2"]
[Board "5"]
[White "Mijatovic, Dejan"]
[Black "Gutovic, Branislav"]
[Result "1-0"]
[WhiteElo "2255"]
[BlackElo "2103"]
[PlyCount "59"]
[EventDate "2018.11.09"]
[EventType "team"]
[EventRounds "11"]
[EventCountry "SRB"]
[WhiteTeam "S.K. STARA PAZOVA-STARA PAZOVA"]
[BlackTeam "S.K. POLET- RASTINA"]

1. d4 Nf6 2. c4 e6 3. a3 d5 4. Nc3 Be7 5. Nf3 O-O 6. e3 b6 7. Qc2 Bb7 8. cxd5
exd5 9. Bd3 c5 10. b3 Re8 11. O-O Nc6 12. Bb2 cxd4 13. exd4 Rc8 14. Bf5 Rc7 15.
Nb5 Rd7 16. Ne5 Nxe5 17. dxe5 Ne4 18. e6 fxe6 19. Bxe6+ Kh8 20. Rad1 Bc5 21.
Bxd7 Qxd7 22. Nd4 Rf8 23. f3 Nf6 24. Rfe1 a5 25. Kh1 Nh5 26. Ne6 Rc8 27. Qf5
Nf6 28. Bxf6 gxf6 29. Qxf6+ Kg8 30. Re5  1-0

[Event "DRUGA LIGA SRBIJE-GRUPA VOJVODINA 2018"]
[Site "Novi Sad"]
[Date "2018.11.10"]
[Round "2"]
[Board "6"]
[White "Ivancevic, Bozidar"]
[Black "Kovacevic, Djordje"]
[Result "1-0"]
[WhiteElo "2090"]
[BlackElo "2090"]
[PlyCount "85"]
[EventDate "2018.11.09"]
[EventType "team"]
[EventRounds "11"]
[EventCountry "SRB"]
[WhiteTeam "S.K. POLET- RASTINA"]
[BlackTeam "S.K. STARA PAZOVA-STARA PAZOVA"]

1. Nf3 d5 2. b3 c6 3. Bb2 Bg4 4. g3 Bxf3 5. exf3 Nf6 6. Bg2 Nbd7 7. f4 e6 8.
O-O Be7 9. d3 O-O 10. Nd2 Qc7 11. Nf3 Bd6 12. Qe2 a5 13. Ne5 a4 14. Nxd7 Nxd7
15. Bh3 c5 16. f5 a3 17. Bc3 e5 18. Bd2 Rfe8 19. c4 d4 20. Bg2 h6 21. Rab1 Rab8
22. b4 cxb4 23. Bxb4 Bxb4 24. Rxb4 Nc5 25. Bd5 Qd6 26. Rfb1 b6 27. h3 Re7 28.
Kg2 Kf8 29. Rb5 Na4 30. R1b3 Nc3 31. Rxc3 dxc3 32. Qc2 Rc7 33. Qxc3 Rc5 34. Rb3
b5 35. Qb4 Rxd5 36. cxd5 Qxb4 37. Rxb4 Ke7 38. Kf3 Kd6 39. Ke3 Kc5 40. Rb3 b4
41. Ke4 f6 42. g4 Rd8 43. h4  1-0

[Event "DRUGA LIGA SRBIJE-GRUPA VOJVODINA 2018"]
[Site "Novi Sad"]
[Date "2018.11.11"]
[Round "3"]
[Board "1"]
[White "Farkas, Tibor"]
[Black "Petakov, Uros"]
[Result "1/2-1/2"]
[WhiteElo "2310"]
[BlackElo "2325"]
[PlyCount "25"]
[EventDate "2018.11.09"]
[EventType "team"]
[EventRounds "11"]
[EventCountry "SRB"]
[WhiteTeam "S.K. BACKA-PACIR"]
[BlackTeam "S.K. STARA PAZOVA-STARA PAZOVA"]

1. e4 Nc6 2. d4 e5 3. Nf3 exd4 4. Nxd4 Nxd4 5. Qxd4 Qf6 6. Be3 Qxd4 7. Bxd4 Ne7
8. Nd2 d5 9. O-O-O Be6 10. exd5 Bxd5 11. Bc4 O-O-O 12. Bxd5 Nxd5 13. Be5
 1/2-1/2

[Event "DRUGA LIGA SRBIJE-GRUPA VOJVODINA 2018"]
[Site "Novi Sad"]
[Date "2018.11.11"]
[Round "3"]
[Board "2"]
[White "Vujadinovic, Goran"]
[Black "Arbutina, Sinisa"]
[Result "1-0"]
[WhiteElo "2318"]
[BlackElo "2325"]
[PlyCount "103"]
[EventDate "2018.11.09"]
[EventType "team"]
[EventRounds "11"]
[EventCountry "SRB"]
[WhiteTeam "S.K. STARA PAZOVA-STARA PAZOVA"]
[BlackTeam "S.K. BACKA-PACIR"]

1. b3 d5 2. Nf3 Nf6 3. Bb2 Bg4 4. e3 Nbd7 5. h3 Bh5 6. d3 h6 7. Nbd2 e6 8. Qe2
Bc5 9. a3 Qe7 10. e4 dxe4 11. dxe4 Bxf3 12. Qxf3 e5 13. b4 Bb6 14. Bc4 O-O 15.
O-O c6 16. Rad1 Rad8 17. Bb3 Rfe8 18. Nc4 Bc7 19. Ne3 g6 20. Bc1 Kh7 21. Ng4
Nxg4 22. hxg4 Kg7 23. Qe3 Rh8 24. Qxa7 Rb8 25. Qe3 h5 26. g5 Rhd8 27. Qh3 Nf8
28. g4 Rxd1 29. Rxd1 Rd8 30. Qf3 hxg4 31. Qxg4 Rxd1+ 32. Qxd1 Nh7 33. Qg4 Bd8
34. Bb2 Kg8 35. Kf1 Nxg5 36. Ke2 Qf6 37. Bc1 Kg7 38. c3 Qe7 39. Be3 Qf6 40. a4
Nh7 41. a5 Qe7 42. Qh3 Nf8 43. Qh6+ Kg8 44. Bc5 Qe8 45. Bxf8 Qxf8 46. Qxg6+ Qg7
47. Bxf7+ Kf8 48. Qxg7+ Kxg7 49. Be6 c5 50. Kd3 Kf6 51. Bd5 cxb4 52. cxb4  1-0

[Event "DRUGA LIGA SRBIJE-GRUPA VOJVODINA 2018"]
[Site "Novi Sad"]
[Date "2018.11.11"]
[Round "3"]
[Board "3"]
[White "Ivic, Matija"]
[Black "Stanojevic, Branko"]
[Result "1-0"]
[WhiteElo "2291"]
[BlackElo "2180"]
[PlyCount "57"]
[EventDate "2018.11.09"]
[EventType "team"]
[EventRounds "11"]
[EventCountry "SRB"]
[WhiteTeam "S.K. BACKA-PACIR"]
[BlackTeam "S.K. STARA PAZOVA-STARA PAZOVA"]

1. c4 Nf6 2. g3 g6 3. Bg2 Bg7 4. Nf3 d6 5. O-O O-O 6. Nc3 Nbd7 7. d4 c5 8. d5
a6 9. a4 Ng4 10. h3 Ngf6 11. e4 Qc7 12. Ne1 e6 13. f4 exd5 14. cxd5 c4 15. Qe2
Re8 16. Be3 Rb8 17. Nc2 Nc5 18. Qxc4 Nfxe4 19. Nxe4 b5 20. axb5 axb5 21. Qb4
Nxe4 22. Bxe4 Qc4 23. Rfe1 Rxe4 24. Qxd6 Rb7 25. Qd8+ Bf8 26. Ra8 Rc7 27. d6
Qc6 28. dxc7 Qxa8 29. Bc5  1-0

[Event "DRUGA LIGA SRBIJE-GRUPA VOJVODINA 2018"]
[Site "Novi Sad"]
[Date "2018.11.11"]
[Round "3"]
[Board "4"]
[White "Mijatovic, Dejan"]
[Black "Kecskemeti, Arpad"]
[Result "0-1"]
[WhiteElo "2255"]
[BlackElo "2195"]
[PlyCount "78"]
[EventDate "2018.11.09"]
[EventType "team"]
[EventRounds "11"]
[EventCountry "SRB"]
[WhiteTeam "S.K. STARA PAZOVA-STARA PAZOVA"]
[BlackTeam "S.K. BACKA-PACIR"]

1. d4 Nf6 2. Nf3 g6 3. Bf4 Bg7 4. e3 O-O 5. Bc4 d6 6. h3 Nbd7 7. O-O Qe8 8. c3
e5 9. Bh2 Qe7 10. Nbd2 Kh8 11. dxe5 dxe5 12. e4 Nh5 13. Re1 Nb6 14. Bf1 a5 15.
a4 Rd8 16. Qc2 Qc5 17. Nb3 Qe7 18. Nbd2 Bd7 19. b3 Bc6 20. Rad1 Nd7 21. Nc4 f6
22. g4 Nf4 23. Bxf4 exf4 24. Nd4 Ne5 25. Nxe5 fxe5 26. Nxc6 bxc6 27. Rxd8+ Rxd8
28. Rd1 Bf8 29. Rxd8 Qxd8 30. Qe2 Bc5 31. Qc4 Qe7 32. b4 axb4 33. cxb4 Bxb4 34.
Qxc6 Kg7 35. Bc4 Bc5 36. a5 Bd4 37. Qd5 Kh6 38. Bf1 Qa3 39. Qg8 Bc5  0-1

[Event "DRUGA LIGA SRBIJE-GRUPA VOJVODINA 2018"]
[Site "Novi Sad"]
[Date "2018.11.11"]
[Round "3"]
[Board "5"]
[White "Marjanusic, Vladimir"]
[Black "Kovacevic, Djordje"]
[Result "1-0"]
[WhiteElo "2197"]
[BlackElo "2090"]
[PlyCount "85"]
[EventDate "2018.11.09"]
[EventType "team"]
[EventRounds "11"]
[EventCountry "SRB"]
[WhiteTeam "S.K. BACKA-PACIR"]
[BlackTeam "S.K. STARA PAZOVA-STARA PAZOVA"]

1. e4 Nf6 2. e5 Nd5 3. d4 d6 4. Nf3 Bg4 5. Be2 e6 6. O-O dxe5 7. Nxe5 Bxe2 8.
Qxe2 c6 9. c4 Nf6 10. Rd1 Be7 11. Nc3 O-O 12. Bf4 Re8 13. Rac1 Nbd7 14. Rc2 Nf8
15. Bg3 Ng6 16. h4 Bb4 17. h5 Ne7 18. Bf4 h6 19. g4 Nh7 20. Ne4 f6 21. Nd3 Ba5
22. Nd6 Nf8 23. Nxe8 Qxe8 24. Nc5 Qc8 25. a3 Bb6 26. b4 Bxc5 27. bxc5 b6 28.
Bd6 Kf7 29. Re1 Qd7 30. Rd2 Re8 31. f4 Nc8 32. Bxf8 Kxf8 33. Rd3 bxc5 34. dxc5
Qe7 35. Qe3 Kf7 36. Red1 Qf8 37. Rd7+ Re7 38. Qe4 Rxd7 39. Rxd7+ Ne7 40. Qxc6
Qb8 41. Qb7 Qe8 42. Qc7 Kf8 43. Rd8  1-0

[Event "DRUGA LIGA SRBIJE-GRUPA VOJVODINA 2018"]
[Site "Novi Sad"]
[Date "2018.11.11"]
[Round "3"]
[Board "6"]
[White "Skoko, Milan"]
[Black "Jesenski, Tibor"]
[Result "1/2-1/2"]
[WhiteElo "2164"]
[BlackElo "2290"]
[PlyCount "24"]
[EventDate "2018.11.09"]
[EventType "team"]
[EventRounds "11"]
[EventCountry "SRB"]
[WhiteTeam "S.K. STARA PAZOVA-STARA PAZOVA"]
[BlackTeam "S.K. BACKA-PACIR"]

1. e4 e5 2. Nf3 Nc6 3. Nc3 Nf6 4. d4 exd4 5. Nxd4 Bb4 6. Nxc6 bxc6 7. Bd3 d5 8.
exd5 cxd5 9. O-O O-O 10. h3 h6 11. Qf3 c6 12. Bf4 Bd6  1/2-1/2

[Event "DRUGA LIGA SRBIJE-GRUPA VOJVODINA 2018"]
[Site "Novi Sad"]
[Date "2018.11.11"]
[Round "3"]
[Board "1"]
[White "Budisavljevic, Luka"]
[Black "Nikolovski, Nikola"]
[Result "0-1"]
[WhiteElo "2344"]
[BlackElo "2380"]
[PlyCount "72"]
[EventDate "2018.11.09"]
[EventType "team"]
[EventRounds "11"]
[EventCountry "SRB"]
[WhiteTeam "S.K. VOJVODINA-NOVI SAD"]
[BlackTeam "Š.K. BATA  COSIC-OPOVO"]

1. d4 e6 2. Nf3 f5 3. g3 Nf6 4. Bg2 Be7 5. O-O O-O 6. c4 d6 7. Nc3 Ne4 8. Qc2
Nxc3 9. bxc3 Nc6 10. e4 e5 11. c5 Kh8 12. cxd6 cxd6 13. dxe5 dxe5 14. exf5 Bxf5
15. Qb3 Na5 16. Qa4 Qc7 17. Bg5 Bc5 18. Kh1 Rae8 19. Rad1 h6 20. Nh4 Bh7 21.
Rd7 Qb6 22. Bc1 e4 23. Qd1 Nc4 24. Qg4 Qf6 25. Rxb7 Ne5 26. Qh5 Qa6 27. Rb3 e3
28. c4 exf2 29. Be3 Qxc4 30. Bxc5 Be4 31. Nf3 Qxc5 32. Nxe5 Bxg2+ 33. Kxg2 Rxe5
34. Qd1 Qc6+ 35. Rf3 Re1 36. Kh3 Qxf3  0-1

[Event "DRUGA LIGA SRBIJE-GRUPA VOJVODINA 2018"]
[Site "Novi Sad"]
[Date "2018.11.11"]
[Round "3"]
[Board "2"]
[White "Milojevic, Dusan"]
[Black "Grujic, Zoran"]
[Result "0-1"]
[WhiteElo "2287"]
[BlackElo "2329"]
[PlyCount "96"]
[EventDate "2018.11.09"]
[EventType "team"]
[EventRounds "11"]
[EventCountry "SRB"]
[WhiteTeam "Š.K. BATA  COSIC-OPOVO"]
[BlackTeam "S.K. VOJVODINA-NOVI SAD"]

1. d4 Nf6 2. c4 g6 3. Nc3 Bg7 4. e4 d6 5. f3 O-O 6. Be3 Nbd7 7. Qd2 c5 8. Nge2
a6 9. O-O-O Qa5 10. Kb1 e6 11. Nc1 cxd4 12. Bxd4 Ne5 13. c5 Nc6 14. Nb3 Qd8 15.
Bf2 dxc5 16. Qe1 Qc7 17. Bxc5 Rd8 18. Rc1 Nd7 19. Bf2 Nde5 20. Na4 b5 21. Nb6
Rb8 22. Nxc8 Qxc8 23. f4 Nc4 24. e5 a5 25. Bxc4 bxc4 26. Rxc4 Qb7 27. Qe4 Rd5
28. Rhc1 Nb4 29. Rc7 Qb5 30. Qc4 Nd3 31. Qxb5 Rbxb5 32. Rc8+ Bf8 33. Bh4 Nxc1
34. Be7 Nxb3 35. axb3 Rd1+ 36. Ka2 h5 37. Rxf8+ Kg7 38. Ra8 g5 39. Bxg5 Rd3 40.
Be7 Rdxb3 41. Ba3 Rd3 42. Be7 Rd2 43. Ba3 Rxg2 44. h4 Rh2 45. Bf8+ Kg6 46. Ba3
Rxh4 47. Rg8+ Kf5 48. Rg7 Rb7  0-1

[Event "DRUGA LIGA SRBIJE-GRUPA VOJVODINA 2018"]
[Site "Novi Sad"]
[Date "2018.11.11"]
[Round "3"]
[Board "3"]
[White "Savanovic, Vuk"]
[Black "Jovanovski, Slobodan"]
[Result "1/2-1/2"]
[WhiteElo "2272"]
[BlackElo "2330"]
[PlyCount "95"]
[EventDate "2018.11.09"]
[EventType "team"]
[EventRounds "11"]
[EventCountry "SRB"]
[WhiteTeam "S.K. VOJVODINA-NOVI SAD"]
[BlackTeam "Š.K. BATA  COSIC-OPOVO"]

1. e4 e6 2. d4 d5 3. Nc3 Bb4 4. e5 c5 5. a3 Ba5 6. b4 cxd4 7. Nb5 Bc7 8. f4 Bd7
9. Nxd4 Ne7 10. Ngf3 Nbc6 11. Bd3 Nxd4 12. Nxd4 Bb6 13. Be3 O-O 14. O-O Nc6 15.
c3 f5 16. Qd2 Nxd4 17. cxd4 Qe8 18. Rfc1 a6 19. Rab1 Bb5 20. Qe2 Qd7 21. Rc3
Rfc8 22. Rbc1 Rxc3 23. Rxc3 h6 24. Bxb5 axb5 25. Kf1 Kh7 26. Qd3 Kh8 27. Qe2
Qe8 28. Qc2 Kg8 29. Qe2 Kh7 30. Qd3 Kg8 31. Qe2 Qd7 32. Qd3 Rf8 33. Qe2 Qe8 34.
Qc2 Kh8 35. Qe2 Kh7 36. Qd1 Qg6 37. Rc1 Ra8 38. Qd3 Qh5 39. Kg1 Qg4 40. Rc3 Qh4
41. Rc1 Ra6 42. Ra1 Ba7 43. Qxb5 Rb6 44. Qa5 Ra6 45. Qb5 Rb6 46. Qa5 Ra6 47.
Qb5 Rb6 48. Qd7  1/2-1/2

[Event "DRUGA LIGA SRBIJE-GRUPA VOJVODINA 2018"]
[Site "Novi Sad"]
[Date "2018.11.11"]
[Round "3"]
[Board "4"]
[White "Kosanovic, Dragan"]
[Black "Djacanin, Goran"]
[Result "0-1"]
[WhiteElo "2329"]
[BlackElo "2186"]
[PlyCount "76"]
[EventDate "2018.11.09"]
[EventType "team"]
[EventRounds "11"]
[EventCountry "SRB"]
[WhiteTeam "Š.K. BATA  COSIC-OPOVO"]
[BlackTeam "S.K. VOJVODINA-NOVI SAD"]

1. d4 Nf6 2. Nf3 e6 3. e3 b6 4. Bd3 Bb7 5. O-O Be7 6. c4 d5 7. Qa4+ c6 8. cxd5
exd5 9. Nc3 O-O 10. Ne5 Bd6 11. f4 b5 12. Qc2 Nbd7 13. Rf3 Qe7 14. Rh3 h6 15.
g4 b4 16. Nd1 c5 17. g5 Ne4 18. gxh6 Bxe5 19. dxe5 Qe6 20. Qg2 g6 21. Nf2 Kh7
22. Bxe4 dxe4 23. b3 Rg8 24. Rg3 g5 25. Nh3 g4 26. Ng5+ Rxg5 27. fxg5 Nxe5 28.
Bb2 Nf3+ 29. Kh1 Rd8 30. Qf1 Rd2 31. Rg2 Ba6 32. Rxd2 Bxf1 33. Rd8 g3 34. Rxf1
Qh3 35. g6+ Kxg6 36. Rg8+ Kf5 37. Rxf3+ exf3 38. Rxg3 f2  0-1

[Event "DRUGA LIGA SRBIJE-GRUPA VOJVODINA 2018"]
[Site "Novi Sad"]
[Date "2018.11.11"]
[Round "3"]
[Board "5"]
[White "Ilincic, Aleksa"]
[Black "Mitrovic, Zivadin"]
[Result "1/2-1/2"]
[WhiteElo "2178"]
[BlackElo "2209"]
[PlyCount "162"]
[EventDate "2018.11.09"]
[EventType "team"]
[EventRounds "11"]
[EventCountry "SRB"]
[WhiteTeam "S.K. VOJVODINA-NOVI SAD"]
[BlackTeam "Š.K. BATA  COSIC-OPOVO"]

1. e4 d5 2. exd5 Nf6 3. Be2 Nxd5 4. d4 g6 5. c4 Nf6 6. Nc3 c6 7. Nf3 Bg7 8. O-O
O-O 9. Bg5 Re8 10. Qd2 Bf5 11. Rad1 Qc8 12. Rfe1 Na6 13. h3 Nc7 14. Bf1 a6 15.
a3 Rb8 16. Bh6 Bh8 17. Bf4 Ra8 18. Be5 Bg7 19. Na4 Qd8 20. Nb6 Ra7 21. d5 cxd5
22. Qe3 Ne6 23. Nxd5 Nxd5 24. cxd5 Nc5 25. Qxc5 b6 26. Qc3 Bxe5 27. Qxe5 b5 28.
g4 Bc8 29. Bg2 Rd7 30. Nd4 Bb7 31. Nb3 Qb6 32. Qd4 Qd6 33. Nc5 Rc7 34. Ne4 Qd7
35. Nc5 Qd6 36. Nxb7 Rxb7 37. Qe5 Rd8 38. Qxd6 Rxd6 39. Rc1 b4 40. Rc6 bxa3 41.
bxa3 Kf8 42. Rec1 Rb3 43. a4 Rb4 44. a5 Rb5 45. R6c5 Rb2 46. Rc8+ Kg7 47. R1c2
Rb5 48. R8c5 Rb1+ 49. Kh2 Rb3 50. Re2 Rb7 51. Rc6 Kf8 52. Rc8+ Kg7 53. Re8 Rb5
54. R8xe7 Rxa5 55. Rc7 g5 56. Rc6 Rd7 57. Rb2 Ra3 58. Rbb6 Ra2 59. Rxa6 Rxf2
60. Rc3 Rxd5 61. Rf3 Rxf3 62. Bxf3 Rd7 63. Kg3 h6 64. Rb6 Rd4 65. h4 gxh4+ 66.
Kxh4 f5 67. Rb5 fxg4 68. Bxg4 Kg6 69. Kg3 Ra4 70. Rb6+ Kg5 71. Rb5+ Kg6 72. Rf5
Rb4 73. Ra5 Rc4 74. Bh5+ Kf6 75. Ra6+ Kg5 76. Be8 Rc3+ 77. Kf2 Rc2+ 78. Ke3 Rc7
79. Kd3 Re7 80. Rg6+ Kf4 81. Rxh6 Rxe8  1/2-1/2

[Event "DRUGA LIGA SRBIJE-GRUPA VOJVODINA 2018"]
[Site "Novi Sad"]
[Date "2018.11.11"]
[Round "3"]
[Board "6"]
[White "Joksimovic, Dragoljub"]
[Black "Stikovic, Dobrica"]
[Result "1-0"]
[WhiteElo "2145"]
[BlackElo "2169"]
[PlyCount "121"]
[EventDate "2018.11.09"]
[EventType "team"]
[EventRounds "11"]
[EventCountry "SRB"]
[WhiteTeam "Š.K. BATA  COSIC-OPOVO"]
[BlackTeam "S.K. VOJVODINA-NOVI SAD"]

1. c4 e6 2. Nc3 d5 3. d4 Be7 4. Nf3 Nf6 5. g3 O-O 6. Bg2 dxc4 7. O-O Nc6 8. e4
Rb8 9. d5 Nb4 10. Ne5 exd5 11. a3 Nc6 12. Nxc6 bxc6 13. exd5 cxd5 14. Nxd5 Nxd5
15. Bxd5 Be6 16. Bxe6 Qxd1 17. Bxf7+ Rxf7 18. Rxd1 Bc5 19. Rf1 Bd4 20. Rb1 c3
21. b4 c2 22. Rb3 Re8 23. Kg2 Re2 24. Rf3 Rxf3 25. Kxf3 Re6 26. b5 Kf7 27. h4
h5 28. Bg5 Bb2 29. Bc1 Bd4 30. Bg5 Re5 31. Bc1 Rxb5 32. Ke4 Bb2 33. a4 Rb4+ 34.
Kd3 Rd4+ 35. Kxc2 Bxc1 36. Kxc1 Rxa4 37. Kc2 Ke6 38. Kb3 Ra5 39. Kb4 Rd5 40.
Re1+ Re5 41. Ra1 a5+ 42. Kc4 c6 43. f3 Rb5 44. Re1+ Kd7 45. Rd1+ Kc7 46. Re1
Kb6 47. Re8 Rb4+ 48. Kc3 Rb5 49. Rb8+ Ka7 50. Rg8 Rb7 51. Rd8 Ka6 52. g4 hxg4
53. fxg4 a4 54. h5 Rb5 55. Rg8 Kb6 56. Rb8+ Kc5 57. Rxb5+ cxb5 58. g5 b4+ 59.
Kc2 Kc4 60. h6 b3+ 61. Kd2  1-0

[Event "DRUGA LIGA SRBIJE-GRUPA VOJVODINA 2018"]
[Site "Novi Sad"]
[Date "2018.11.11"]
[Round "3"]
[Board "1"]
[White "Grigoryan, Karen H."]
[Black "Blagojevic, Dragisa"]
[Result "1-0"]
[WhiteElo "2542"]
[BlackElo "2494"]
[PlyCount "77"]
[EventDate "2018.11.09"]
[EventType "team"]
[EventRounds "11"]
[EventCountry "SRB"]
[WhiteTeam "S.K. NAFTAGAS-ELEMIR"]
[BlackTeam "Š.K. MLADOST-NOVA PAZOVA"]

1. e4 e5 2. Nc3 Nc6 3. Bb5 a6 4. Ba4 Nf6 5. Nf3 b5 6. Bb3 Be7 7. d3 d6 8. a3
O-O 9. O-O Nd4 10. Nxd4 exd4 11. Nd5 Nxd5 12. Bxd5 Rb8 13. f4 Be6 14. Bxe6 fxe6
15. Qg4 Qd7 16. Bd2 c5 17. Rf3 Rf6 18. h4 h5 19. Qh3 Rg6 20. Rg3 Rxg3 21. Qxg3
Rf8 22. Qg6 Rf6 23. Qxh5 Rh6 24. Qf3 Rxh4 25. f5 Qe8 26. fxe6 Qg6 27. g3 Rg4
28. Kg2 Qxe6 29. Qf5 Rg6 30. Rh1 Rf6 31. Qh7+ Kf7 32. Bg5 Rg6 33. Rf1+ Ke8 34.
Bxe7 Kxe7 35. Qh8 Kd7 36. Qf8 Kc6 37. Rf7 Qg4 38. Qe8+ Kb6 39. Qd8+  1-0

[Event "DRUGA LIGA SRBIJE-GRUPA VOJVODINA 2018"]
[Site "Novi Sad"]
[Date "2018.11.11"]
[Round "3"]
[Board "2"]
[White "Vlatkovic, Sinisa"]
[Black "Ratkovic, Miloje"]
[Result "0-1"]
[WhiteElo "2283"]
[BlackElo "2403"]
[PlyCount "67"]
[EventDate "2018.11.09"]
[EventType "team"]
[EventRounds "11"]
[EventCountry "SRB"]
[WhiteTeam "Š.K. MLADOST-NOVA PAZOVA"]
[BlackTeam "S.K. NAFTAGAS-ELEMIR"]

1. d4 Nf6 2. c4 c5 3. Nf3 cxd4 4. Nxd4 Nc6 5. Nc3 g6 6. g3 d6 7. Bg2 Bd7 8. c5
dxc5 9. Nxc6 Bxc6 10. Bxc6+ bxc6 11. Qa4 Qb6 12. Bg5 Bg7 13. Bxf6 exf6 14. Qe4+
Kf8 15. O-O f5 16. Qf3 Bf6 17. Rac1 Qxb2 18. e4 Kg7 19. exf5 Qa3 20. Kg2 Rad8
21. Ne4 Qxf3+ 22. Kxf3 Rd5 23. fxg6 hxg6 24. Rxc5 Rxc5 25. Nxc5 Rxh2 26. Rc1
Bd4 27. Rc2 Rh5 28. Nd3 Ra5 29. Rc4 Bb6 30. a4 Kf8 31. g4 Ke8 32. Re4+ Kf8 33.
Rc4 Rd5 34. Ke4  0-1